000 00612nam a2200193Ia 4500
003 GCL
008 140319s9999 xx 000 0 ara d
040 _aGCL /
_cGCL
082 0 4 _a813.01
_bز ر
100 1 _aزهيرة البيلى
245 1 0 _aرياح الجنوب /
_cزهيرة البيلى
260 _a[S.N] :
_bالهيئة المصرية العامة للكتاب ،
_c1996
300 _a115 ص
490 _aالرواية العربية
_v0
650 0 4 _aالادب العربى
650 0 4 _aالقصص العربية
650 0 4 _aالقصص العربيةالقصيرة
942 _2ddc
_cBK
999 _c36987
_d36987